| 000 | 01353nam a2200277Ia 4500 | ||
|---|---|---|---|
| 999 |
_c54761 _d54761 |
||
| 001 | 21828 | ||
| 003 | GE_BSU | ||
| 005 | 20220527172005.0 | ||
| 008 | 181216s ||||ge |||||||||||||| ||geo|| | ||
| 020 | _a99940-63-00-6 | ||
| 040 | _cGE_BSU | ||
| 041 | _ageo | ||
| 080 | _a811.353.1'35(075.3) ს-92 | ||
| 100 |
_aსულაკაური, ბაკურ _913805 |
||
| 245 |
_aდედაენა 1 კლასი : _bმოსწავლის წიგნი / _cბაკურ სულაკაური, მარინე ბედოშვილი, თინათინ კუხიანიძე. _h |
||
| 250 | _a1-ლი გამოცემა | ||
| 264 |
_aთბილისი : _bბაკურ სულაკაურის გამ-ბა, _c2006. |
||
| 300 |
_a126 გვ. : _bილ. ; _c27 სმ. |
||
| 500 | _aპილოტირებულია... პროექტ "ილია ჭავჭავაძის" ფარგლებში 2005-06 სასწ. წელს | ||
| 541 | _h10 ლ. | ||
| 653 | _aდედაენა 1 კლასი | ||
| 653 | _aქართული ენა | ||
| 700 |
_aბედოშვილი, მარინე _eავტორი _913806 |
||
| 700 |
_aკუხიანიძე, თინათინ _eავტორი _913807 |
||
| 942 |
_cBK _2udc |
||